Prednosti strojového dojenia oviec

Bibliographic Details
Main Author: Záhorský, Ján (Author)
Format: Article
Language:Slovak

MARC

LEADER 00000nab a2200000uu 4500
001 vtls011155152
003 SK-MaSNL
005 20260303104339.0
008 230121|1968 xo |||||||||||||||||slo|
015 |a SNBRB 
035 |a (urnnbn)urn:nbn:sk:snk:ar-a0a8ko 
035 |a (uuid)1729c63f-bb4c-4b0a-9a51-537f52c41955 
035 |a urn:nbn:sk:snk-abb3q9 
040 |a SNKBUCL  |b slo  |c SNKBUCL  |e AACR2 
041 0 |a slo 
044 |a xo  |c SK 
100 1 |a Záhorský, Ján  |4 aut  |9 336307 
245 1 0 |a Prednosti strojového dojenia oviec  |c Ján Záhorský 
773 0 |t Mechanizácia poľnohospodárstva : časopis pre novú techniku v poľnohospodárstve  |g Roč. 7, č. 6 (1968), s. 238-240 
954 |a odborná, vedecká literatúra pôvodná (slovenská)  |2 lita 
958 |a OND 
958 |a EUIPO 
958 |a article14 
999 |c 1855921  |d 1857851